书目信息 |
| 题名: |
药物分析
|
|
| 作者: | 金文进 主编 | |
| 分册: | ||
| 出版信息: | 北京 中国环境出版社 2015.1 |
|
| 页数: | 215页 | |
| 开本: | 26cm | |
| 丛书名: | ||
| 单 册: | ||
| 中图分类: | R917 | |
| 科图分类: | ||
| 主题词: | 药物分析--高等职业教育--教材 | |
| 电子资源: | ||
| ISBN: | 978-7-5111-2183-7 | |
| 000 | 00881nam0 2200253 450 | |
| 001 | 0400001956 | |
| 005 | 20171019204902.0 | |
| 010 | @a978-7-5111-2183-7@dCNY39.00 | |
| 100 | @a20150712e2015 em y0chiy50 ea | |
| 101 | 0 | @achi |
| 102 | @aCN@b110000 | |
| 105 | @aa z 000yy | |
| 106 | @ar | |
| 200 | 1 | @a药物分析@9yao wu fen xi@f金文进主编 |
| 210 | @a北京@c中国环境出版社@d2015.1 | |
| 215 | @a215页@c图@d26cm | |
| 312 | @a封面英文题名:Pharmaceutical analysis | |
| 330 | @a本书按照药物检验岗位的设置及药品检验工作的基本程序,共设计了七个模块,分别为药物分析基本常识、药物鉴别、药物检查、药物分析有关计算、药物制剂分析、典型药物分析和药物分析与新药开发。 | |
| 510 | 1 | @aPharmaceutical analysis@zeng |
| 606 | 0 | @a药物分析@x高等职业教育@j教材 |
| 690 | @aR917@v5 | |
| 701 | 0 | @a金文进@9jin wen jin@4主编 |
| 801 | 0 | @aCN@b91MARC@c20171019 |
| 905 | @b1026066-70@dR917@f5@e120 | |
| 药物分析/金文进主编.-北京:中国环境出版社,2015.1 |
| 215页:图;26cm |
| ISBN 978-7-5111-2183-7:CNY39.00 |
| 本书按照药物检验岗位的设置及药品检验工作的基本程序,共设计了七个模块,分别为药物分析基本常识、药物鉴别、药物检查、药物分析有关计算、药物制剂分析、典型药物分析和药物分析与新药开发。 |
| ● |
| 相关链接 |
|
|
|
|
正题名:药物分析
索取号:R917/120
 
预约/预借
| 序号 | 登录号 | 条形码 | 馆藏地/架位号 | 状态 | 备注 |
| 1 | 1026066 | 210260661 | 第二样本阅览室/ [索取号:R917/120] | 在馆 | |
| 2 | 1026067 | 210260670 | 密集书库-生命科学系/ [索取号:R917/120] | 在馆 | |
| 3 | 1026068 | 210260689 | 第三借阅区/ [索取号:R917/120] | 在馆 | |
| 4 | 1026069 | 210260698 | 第三借阅区/ [索取号:R917/120] | 在馆 | |
| 5 | 1026070 | 210260705 | 第三借阅区/ [索取号:R917/120] | 在馆 |